000 01211nam a2200373 c 4500
001 13915
003 ES-MaCES
005 20150929123836.0
008 020731s2001 sp bd t o000 | spa d
017 _aMU 2254-2001
_bDL
020 _a8483712725
035 _aCES20020010023m
040 _aES-MaCES
_bspa
_cES-MaCES
245 0 3 _aUn nuevo mercado turístico
_b: jubilados europeos en la Región de Murcia
_cJuan Monreal Martínez (editor) ; Lola Frutos Balibrea ... [et al.]
250 _a1ª ed
260 _aMurcia
_bUniversidad de Murcia
_c2001
300 _a267 p.
_bgráf., mapas bl. y n.
_c24 cm
541 _cCompra
650 4 _ajubilado
_929257
650 4 _adesarrollo turístico
_930223
650 4 _acondiciones de vida
_927111
650 4 _aEuropa
_926940
650 4 _apaís de salida
_929798
650 4 _aMurcia (Comunidad Autónoma)
_930881
650 4 _apaís de acogida
_929799
653 1 0 _aTurismo
650 4 _927890
_aturismo
700 1 _aFrutos Balibrea, Lola
_912452
700 1 _aMonreal, Juan
_eed. lit.
_918852
710 2 _aUniversidad de Murcia
_eed.
_95313
902 _aLIB Libro
942 _2CES
_cBK
_h5.2.
999 _c13915
_d13915